[Event "España ch 2012 Veteranos"]
[Site "Mondariz ESP"]
[Date "2012.10.10"]
[Round "1.1"]
[White "Oneto Zarco, Jose"]
[Black "Franco Ocampos, Zenon"]
[Result "0-1"]
[WhiteElo "2013"]
[BlackElo "2502"]
[PlyCount "60"]
[EventDate "2012.10.10"]
[EventType "swiss"]
[EventRounds "9"]
[EventCountry "ESP"]
[Source "lmi"]
[SourceDate "2012.10.10"]

1. c4 c5 2. Nf3 g6 3. Nc3 Bg7 4. g3 Nc6 5. Bg2 e5 6. O-O Nge7 7. e4 d6 8. d3
O-O 9. Rb1 h6 10. a3 a5 11. Nd5 Rb8 12. a4 f5 13. Nxe7+ Qxe7 14. Nd2 Bd7 15.
exf5 gxf5 16. Nb3 b6 17. f4 Nb4 18. Na1 e4 19. dxe4 fxe4 20. Be3 Bc6 21. b3 d5
22. cxd5 Nxd5 23. Bc1 Nc3 24. Qc2 Nxb1 25. Qxb1 Rbd8 26. Nc2 Rd3 27. Ne3 Bd4
28. Re1 Qe6 29. Kh1 Qxb3 30. Qxb3+ Rxb3 0-1

[Event "España ch 2012 Veteranos"]
[Site "Mondariz ESP"]
[Date "2012.10.10"]
[Round "1.2"]
[White "Montecatine Rios, Ricardo"]
[Black "Vinal Gutierrez, Pedro"]
[Result "1-0"]
[WhiteElo "2316"]
[BlackElo "2009"]
[PlyCount "67"]
[EventDate "2012.10.10"]
[EventType "swiss"]
[EventRounds "9"]
[EventCountry "ESP"]
[Source "lmi"]
[SourceDate "2012.10.10"]

1. d4 Nf6 2. c4 g6 3. Nc3 Bg7 4. Bf4 d6 5. e3 O-O 6. Nf3 c5 7. Be2 cxd4 8. exd4
Nh5 9. Be3 Qa5 10. O-O Nc6 11. d5 Nb8 12. Nd4 Nf6 13. a3 Qd8 14. b4 b6 15. Rc1
Bb7 16. Qb3 Nbd7 17. f4 Rc8 18. Bf3 a6 19. Rfe1 Re8 20. Nc6 Qc7 21. b5 a5 22.
Re2 Nc5 23. Qc2 Ra8 24. Rce1 Bxc6 25. bxc6 Rac8 26. Nb5 Qd8 27. Bd4 Kf8 28. g4
Ng8 29. Bxg7+ Kxg7 30. Qc3+ Kf8 31. g5 f6 32. h4 Kf7 33. h5 f5 34. h6 1-0

[Event "España ch 2012 Veteranos"]
[Site "Mondariz ESP"]
[Date "2012.10.10"]
[Round "1.3"]
[White "Sarto Ramos, Angel"]
[Black "Simon Padros, Emili"]
[Result "0-1"]
[WhiteElo "2000"]
[BlackElo "2202"]
[PlyCount "58"]
[EventDate "2012.10.10"]
[EventType "swiss"]
[EventRounds "9"]
[EventCountry "ESP"]
[Source "lmi"]
[SourceDate "2012.10.10"]

1. c4 e5 2. Nc3 d6 3. g3 f5 4. d4 Nc6 5. d5 Nce7 6. e4 g6 7. Bg2 Nf6 8. Bg5 Bg7
9. Nge2 h6 10. Bd2 O-O 11. O-O fxe4 12. Nxe4 Nxe4 13. Bxe4 Bh3 14. Bg2 Qd7 15.
Nc3 Bxg2 16. Kxg2 Nf5 17. Ne2 g5 18. Bc3 Rae8 19. Qc2 c5 20. Rae1 e4 21. Bxg7
Qxg7 22. Qc3 Re5 23. b3 h5 24. h3 Qf6 25. Kh1 h4 26. f4 exf3 27. g4 Ng3+ 28.
Nxg3 hxg3 29. Rxe5 g2+ 0-1

[Event "España ch 2012 Veteranos"]
[Site "Mondariz ESP"]
[Date "2012.10.10"]
[Round "1.4"]
[White "Casares Ripoll, Fernando"]
[Black "Diaz Franco, Francisco Jorge"]
[Result "1/2-1/2"]
[WhiteElo "2149"]
[BlackElo "1987"]
[PlyCount "64"]
[EventDate "2012.10.10"]
[EventType "swiss"]
[EventRounds "9"]
[EventCountry "ESP"]
[Source "lmi"]
[SourceDate "2012.10.10"]

1. e4 c6 2. Nf3 d5 3. Nc3 dxe4 4. Nxe4 Nf6 5. Nxf6+ gxf6 6. d4 Bg4 7. Be2 e6 8.
c3 Bd6 9. Qb3 Qc7 10. Be3 Nd7 11. O-O-O O-O-O 12. h3 Bf5 13. Nh4 Be4 14. Bd3
Bxd3 15. Rxd3 c5 16. c4 cxd4 17. Bxd4 Bc5 18. g3 Bxd4 19. Rxd4 Nc5 20. Rxd8+
Rxd8 21. Qc2 Qa5 22. Rd1 Qxa2 23. Rxd8+ Kxd8 24. Qxh7 Qxc4+ 25. Kd2 Qd4+ 26.
Ke2 Qe4+ 27. Qxe4 Nxe4 28. Ke3 Nd6 29. Kd4 b6 30. Ng2 Ke7 31. Ne1 Nf5+ 32. Ke4
Nd6+ 1/2-1/2

[Event "España ch 2012 Veteranos"]
[Site "Mondariz ESP"]
[Date "2012.10.10"]
[Round "1.5"]
[White "Gutierrez Leon, Cristobal"]
[Black "Pastor Alonso De Prado, Albert"]
[Result "0-1"]
[WhiteElo "1947"]
[BlackElo "2139"]
[PlyCount "136"]
[EventDate "2012.10.10"]
[EventType "swiss"]
[EventRounds "9"]
[EventCountry "ESP"]
[Source "lmi"]
[SourceDate "2012.10.10"]

1. Nf3 Nf6 2. g3 d5 3. Bg2 c6 4. b3 Bg4 5. h3 Bxf3 6. exf3 e5 7. O-O Bd6 8. d4
O-O 9. Bb2 Nbd7 10. c4 dxc4 11. bxc4 Re8 12. Nd2 exd4 13. Bxd4 Be5 14. Nb3 Qc7
15. f4 Bxd4 16. Qxd4 c5 17. Qb2 Re6 18. Rfe1 Rae8 19. Rxe6 Rxe6 20. Kf1 a6 21.
Nd2 Rb6 22. Qc2 Nf8 23. Rd1 Rd6 24. Ne4 Rxd1+ 25. Qxd1 Nxe4 26. Bxe4 b5 27. Bd5
Qd7 28. Qf3 Qxh3+ 29. Ke1 Qf5 30. cxb5 Qb1+ 31. Qd1 Qxb5 32. Qb3 Qxb3 33. axb3
Nd7 34. Kd2 Nb6 35. Bb7 a5 36. Ke3 f5 37. f3 h5 38. Bc6 Kf7 39. Kd3 Kg6 40.
Be8+ Kh6 41. Bf7 Nc8 42. Bxh5 Nd6 43. Bf7 Nxf7 44. Kc4 g5 45. Kxc5 g4 46. fxg4
fxg4 47. Kb6 Nd6 48. Kxa5 Ne4 49. b4 Nxg3 50. b5 Ne4 51. b6 Nd6 52. Kb4 g3 53.
Kc5 Nb7+ 54. Kc6 g2 55. Kxb7 g1=Q 56. Kc7 Qc5+ 57. Kb7 Kg6 58. Ka6 Qc6 59. Ka7
Qa4+ 60. Kb8 Qxf4+ 61. Ka8 Qa4+ 62. Kb8 Kf7 63. b7 Qa5 64. Kc8 Qc5+ 65. Kd8
Qd6+ 66. Kc8 Qc6+ 67. Kd8 Ke6 68. b8=N Qc4 0-1

[Event "España ch 2012 Veteranos"]
[Site "Mondariz ESP"]
[Date "2012.10.10"]
[Round "1.6"]
[White "Serra Olives, Tomas"]
[Black "Bello Filgueira, Joaquin Anton"]
[Result "1-0"]
[WhiteElo "2132"]
[BlackElo "1920"]
[PlyCount "51"]
[EventDate "2012.10.10"]
[EventType "swiss"]
[EventRounds "9"]
[EventCountry "ESP"]
[Source "lmi"]
[SourceDate "2012.10.10"]

1. e4 c5 2. Nf3 e6 3. d4 cxd4 4. Nxd4 a6 5. Bd3 Bc5 6. Nb3 Ba7 7. O-O Nc6 8.
Nc3 Nf6 9. Qe2 d6 10. Bg5 h6 11. Bh4 O-O 12. Kh1 g5 13. Bg3 Ne5 14. f4 Nxd3 15.
cxd3 e5 16. fxe5 Bg4 17. Qe1 Nh5 18. exd6 Nxg3+ 19. Qxg3 Be6 20. e5 h5 21. Rf6
Bg4 22. h3 Qd7 23. hxg4 hxg4 24. Qh2 Be3 25. Nd5 g3 26. Qh6 1-0

[Event "España ch 2012 Veteranos"]
[Site "Mondariz ESP"]
[Date "2012.10.10"]
[Round "1.7"]
[White "Garcia Sanchez, Jose Manuel"]
[Black "Buxade Roca, Guillermo"]
[Result "0-1"]
[WhiteElo "1874"]
[BlackElo "2128"]
[PlyCount "69"]
[EventDate "2012.10.10"]
[EventType "swiss"]
[EventRounds "9"]
[EventCountry "ESP"]
[Source "lmi"]
[SourceDate "2012.10.10"]

1. e4 c5 2. Nf3 Nc6 3. d4 cxd4 4. Nxd4 Nf6 5. Nc3 e5 6. Ndb5 d6 7. Bg5 a6 8.
Bxf6 gxf6 9. Na3 b5 10. Nd5 Bg7 11. c3 O-O 12. Qd2 f5 13. Bd3 Ne7 14. Nxe7+
Qxe7 15. Rd1 Bb7 16. Qe2 Qh4 17. g3 Qh3 18. f3 d5 19. exd5 e4 20. fxe4 fxe4 21.
Bc2 b4 22. Nb1 a5 23. Qf1 Qh5 24. Qe2 Qh3 25. Qf1 Qd7 26. Qf4 Ba6 27. h4 f5 28.
Rh2 Rae8 29. h5 Be5 30. Qg5+ Kh8 31. Rg2 Rg8 32. Qh4 Rg4 33. Qh3 Reg8 34. Nd2
Rxg3 35. Qh2 0-1

[Event "España ch 2012 Veteranos"]
[Site "Mondariz ESP"]
[Date "2012.10.10"]
[Round "1.8"]
[White "Lorenzo Duran, Marcos"]
[Black "Darias Darias, Luis"]
[Result "1-0"]
[WhiteElo "2112"]
[BlackElo "1847"]
[PlyCount "39"]
[EventDate "2012.10.10"]
[EventType "swiss"]
[EventRounds "9"]
[EventCountry "ESP"]
[Source "lmi"]
[SourceDate "2012.10.10"]

1. e4 e5 2. Nf3 Qf6 3. Nc3 c6 4. d4 d6 5. Bg5 Qg6 6. dxe5 Bg4 7. Qd2 h6 8. Bf4
Bxf3 9. gxf3 dxe5 10. O-O-O Be7 11. Bxe5 Nf6 12. Be2 O-O 13. Rhg1 Qh7 14. f4
Nbd7 15. Bxf6 Nxf6 16. Bd3 g6 17. e5 Nd5 18. Nxd5 cxd5 19. f5 f6 20. Rxg6+ 1-0

[Event "España ch 2012 Veteranos"]
[Site "Mondariz ESP"]
[Date "2012.10.10"]
[Round "1.9"]
[White "Salgado Gonzalez, Julio"]
[Black "Lopez Colon, Francisco"]
[Result "0-1"]
[WhiteElo "1836"]
[BlackElo "2093"]
[PlyCount "98"]
[EventDate "2012.10.10"]
[EventType "swiss"]
[EventRounds "9"]
[EventCountry "ESP"]
[Source "lmi"]
[SourceDate "2012.10.10"]

1. d4 Nf6 2. Nf3 g6 3. Nc3 d5 4. Bf4 Bg7 5. e3 O-O 6. Be2 Bf5 7. Ne5 Nbd7 8. h4
c5 9. g4 Be6 10. g5 Ne4 11. Nxe4 dxe4 12. h5 cxd4 13. exd4 Nxe5 14. Bxe5 Bxe5
15. dxe5 Qa5+ 16. Qd2 Qxe5 17. O-O-O Bxa2 18. f4 exf3 19. Bxf3 Rac8 20. Rhe1
Qc7 21. hxg6 hxg6 22. Be4 Rfd8 23. Qe3 Rxd1+ 24. Rxd1 Qc5 25. Qg3 Kg7 26. Rh1
Rh8 27. Rxh8 Kxh8 28. b3 Qa3+ 29. Kd2 Qb4+ 30. Qc3+ Qxc3+ 31. Kxc3 b6 32. Bd3
Kg7 33. Kb2 Bxb3 34. cxb3 f6 35. gxf6+ exf6 36. Kc3 f5 37. Kd4 Kf6 38. Ke3 Ke5
39. Bb5 g5 40. Kf3 Kd4 41. Bd7 Kc3 42. Be6 a5 43. Ke3 b5 44. Kf3 f4 45. Bf7 a4
46. bxa4 bxa4 47. Bd5 a3 48. Kg4 Kb2 49. Kxg5 f3 0-1

[Event "España ch 2012 Veteranos"]
[Site "Mondariz ESP"]
[Date "2012.10.10"]
[Round "1.10"]
[White "Estrada Martinez, Cesar"]
[Black "Fernandez Garcia, Ignacio"]
[Result "1-0"]
[WhiteElo "2090"]
[BlackElo "1793"]
[PlyCount "65"]
[EventDate "2012.10.10"]
[EventType "swiss"]
[EventRounds "9"]
[EventCountry "ESP"]
[Source "lmi"]
[SourceDate "2012.10.10"]

1. c4 Nc6 2. d4 e5 3. d5 Nce7 4. e4 Ng6 5. Be3 d6 6. Bd3 Nf6 7. f3 Be7 8. Ne2
O-O 9. Nbc3 c5 10. O-O Nh5 11. Qd2 f5 12. exf5 Ngf4 13. Nxf4 exf4 14. Bxf4 Bxf5
15. Be3 Bxd3 16. Qxd3 Nf4 17. Qd2 Ng6 18. Rae1 Ne5 19. b3 a6 20. Ne4 b5 21. Qe2
Qc7 22. f4 Nd7 23. Qg4 Nb6 24. f5 Kh8 25. Ng5 Bxg5 26. Bxg5 Rf7 27. f6 Qd7 28.
Re6 Kg8 29. Qh4 Raf8 30. Rfe1 bxc4 31. bxc4 Nc8 32. fxg7 Rxg7 33. Bh6 1-0

[Event "España ch 2012 Veteranos"]
[Site "Mondariz ESP"]
[Date "2012.10.10"]
[Round "1.11"]
[White "Benito Alba, Eladio"]
[Black "Ciuro Munoz, Ricardo"]
[Result "0-1"]
[WhiteElo "1736"]
[BlackElo "2087"]
[PlyCount "54"]
[EventDate "2012.10.10"]
[EventType "swiss"]
[EventRounds "9"]
[EventCountry "ESP"]
[Source "lmi"]
[SourceDate "2012.10.10"]

1. d4 e6 2. c4 c5 3. d5 exd5 4. cxd5 d6 5. Nc3 a6 6. a4 Ne7 7. e4 Ng6 8. Nf3
Be7 9. Be2 O-O 10. O-O Re8 11. Qc2 Bf6 12. Re1 Nd7 13. Bd2 Nde5 14. Ra3 Bd7 15.
a5 Rc8 16. Na4 Bxa4 17. Rxa4 Rc7 18. Ra3 Rce7 19. Bc3 Nf4 20. Bxe5 Bxe5 21.
Nxe5 Rxe5 22. f3 Qh4 23. g3 Rg5 24. Bf1 Rxg3+ 25. hxg3 Qxg3+ 26. Kh1 Qxe1 27.
Qc4 Re5 0-1

[Event "España ch 2012 Veteranos"]
[Site "Mondariz ESP"]
[Date "2012.10.10"]
[Round "1.12"]
[White "Coll Pons, Guillem"]
[Black "Vidal Torres, Roberto"]
[Result "1-0"]
[WhiteElo "2040"]
[BlackElo "1705"]
[PlyCount "61"]
[EventDate "2012.10.10"]
[EventType "swiss"]
[EventRounds "9"]
[EventCountry "ESP"]
[Source "lmi"]
[SourceDate "2012.10.10"]

1. d4 Nf6 2. c4 e6 3. Nc3 Bb4 4. e3 O-O 5. Bd3 d5 6. Nge2 c5 7. a3 Bxc3+ 8.
bxc3 dxc4 9. Bxc4 Qc7 10. Bd3 c4 11. Bc2 b5 12. e4 Bb7 13. f3 Qe7 14. Bg5 h6
15. Bh4 g5 16. Bf2 Nbd7 17. h4 g4 18. Qd2 Kg7 19. Ng3 gxf3 20. gxf3 Rh8 21. Rg1
Kf8 22. Be3 Ng8 23. h5 Rd8 24. Qh2 Qd6 25. Qg2 Ke7 26. Ne2 e5 27. dxe5 Nxe5 28.
Nd4 Qd7 29. Qg3 Kd6 30. Rd1 Bd5 31. Nf5+ 1-0

[Event "España ch 2012 Veteranos"]
[Site "Mondariz ESP"]
[Date "2012.10.10"]
[Round "1.13"]
[White "Iglesias Vidal, Jose Luis"]
[Black "Hostalet Ferrer, Pedro Enrique"]
[Result "0-1"]
[WhiteElo "1685"]
[BlackElo "2031"]
[PlyCount "156"]
[EventDate "2012.10.10"]
[EventType "swiss"]
[EventRounds "9"]
[EventCountry "ESP"]
[Source "lmi"]
[SourceDate "2012.10.10"]

1. Nf3 d5 2. d4 Nf6 3. c4 e6 4. Nc3 Be7 5. Bg5 O-O 6. e3 Nbd7 7. cxd5 exd5 8.
Bd3 c6 9. O-O Ne4 10. Bxe7 Qxe7 11. Bxe4 dxe4 12. Nd2 f5 13. Ne2 Nf6 14. Nf4
Be6 15. Nxe6 Qxe6 16. Qb3 Qxb3 17. Nxb3 Nd5 18. Nc5 Rf7 19. a3 a6 20. Rac1 g6
21. Ne6 Re8 22. Nf4 Nxf4 23. exf4 Rd7 24. Rfd1 Red8 25. Rc4 Rd5 26. b4 Kf7 27.
Kf1 Ke6 28. Ke2 Kd6 29. Ke3 Kc7 30. a4 b6 31. Rdc1 R8d6 32. Rd1 Kb7 33. Rd2 a5
34. bxa5 Rxa5 35. Rb2 Ra8 36. Rcb4 Ra6 37. a5 b5 38. Ra2 Rd8 39. Rb1 Kc7 40.
Rc1 Kd6 41. Rb1 Rda8 42. Rba1 Kd5 43. h3 h5 44. f3 Re8 45. Rc1 exf3+ 46. Kxf3
Re4 47. Rac2 Rxd4 48. Rc5+ Kd6 49. Kg3 Rd5 50. R5c3 c5 51. Ra3 b4 52. Ra4 Rd4
53. Kh4 Kc6 54. Ra2 Kb5 55. Kg5 b3 56. Re2 Ra4 57. Re5 Rc6 58. Re8 c4 59. Rb8+
Ka6 60. Rxb3 cxb3 61. Rxc6+ Kxa5 62. Rc1 Ra2 63. g4 hxg4 64. hxg4 fxg4 65. Kxg4
Rg2+ 66. Kf3 Rc2 67. Ra1+ Kb5 68. Ra8 b2 69. Ke3 Kb4 70. Kd3 Rc1 71. Rb8+ Ka3
72. Ra8+ Kb3 73. Rb8+ Ka2 74. Ra8+ Kb1 75. Kd2 Rc6 76. Rb8 Rd6+ 77. Kc3 Kc1 78.
Rxb2 Rc6+ 0-1

[Event "España ch 2012 Veteranos"]
[Site "Mondariz ESP"]
[Date "2012.10.11"]
[Round "2.1"]
[White "Franco Ocampos, Zenon"]
[Black "Lorenzo Duran, Marcos"]
[Result "1-0"]
[WhiteElo "2502"]
[BlackElo "2112"]
[PlyCount "91"]
[EventDate "2012.10.10"]
[EventType "swiss"]
[EventRounds "9"]
[EventCountry "ESP"]
[Source "lmi"]
[SourceDate "2012.10.10"]

1. c4 c6 2. d4 d5 3. Nf3 Nf6 4. Nc3 a6 5. a4 Bf5 6. Qb3 Ra7 7. a5 e6 8. Qb6
Qxb6 9. axb6 Ra8 10. c5 Nbd7 11. e3 Be7 12. b4 O-O 13. Nd2 e5 14. Nb3 Rfe8 15.
Be2 Bc2 16. Na5 exd4 17. exd4 Nxb6 18. Ra2 Bd3 19. Bxd3 Bxc5+ 20. Ne2 Bxb4+ 21.
Bd2 Bxa5 22. Bxa5 Nc4 23. O-O Nxa5 24. Rxa5 Ne4 25. Rb1 Nd6 26. Kf1 Re7 27. Nc1
Nc4 28. Ra2 Rae8 29. Nb3 Nd6 30. Nc5 g6 31. g3 Kg7 32. Rab2 Nb5 33. Bxb5 axb5
34. Ra2 b6 35. Nd3 Rc7 36. Rc2 Re4 37. Ne5 Rxd4 38. Rxc6 Rxc6 39. Nxc6 Rc4 40.
Nb4 d4 41. Nd3 Rc3 42. Ke2 Rc6 43. Rxb5 Rd6 44. Nf4 Kf6 45. Kd3 Ke7 46. Rxb6
1-0

[Event "España ch 2012 Veteranos"]
[Site "Mondariz ESP"]
[Date "2012.10.11"]
[Round "2.2"]
[White "Lopez Colon, Francisco"]
[Black "Montecatine Rios, Ricardo"]
[Result "0-1"]
[WhiteElo "2093"]
[BlackElo "2316"]
[PlyCount "87"]
[EventDate "2012.10.10"]
[EventType "swiss"]
[EventRounds "9"]
[EventCountry "ESP"]
[Source "lmi"]
[SourceDate "2012.10.10"]

1. d4 d6 2. c4 e5 3. dxe5 dxe5 4. Qxd8+ Kxd8 5. a3 Be6 6. e3 a5 7. Nf3 f6 8. b3
Nd7 9. Nc3 c6 10. Rb1 Kc7 11. Be2 Ne7 12. O-O Nc8 13. Nd2 Be7 14. b4 axb4 15.
axb4 Ncb6 16. e4 Na4 17. Nd1 Rhb8 18. Re1 c5 19. b5 Ndb6 20. Rb3 Rd8 21. Ne3
Rd4 22. Bd3 g6 23. Nf3 Rdd8 24. h3 Nd7 25. Nd5+ Bxd5 26. exd5 Nab6 27. Bb2 Bd6
28. Nd2 f5 29. g4 e4 30. Bf1 Bf4 31. Nb1 Ne5 32. Bxe5+ Bxe5 33. f3 Bd4+ 34. Kh1
e3 35. Na3 f4 36. Rc1 Re8 37. Be2 Ra4 38. Kg2 Bf6 39. Kf1 Rea8 40. Nb1 Ra1 41.
Ke1 R8a2 42. Rd1 Na4 43. d6+ Kd7 44. b6 0-1

[Event "España ch 2012 Veteranos"]
[Site "Mondariz ESP"]
[Date "2012.10.11"]
[Round "2.3"]
[White "Simon Padros, Emili"]
[Black "Estrada Martinez, Cesar"]
[Result "1/2-1/2"]
[WhiteElo "2202"]
[BlackElo "2090"]
[PlyCount "104"]
[EventDate "2012.10.10"]
[EventType "swiss"]
[EventRounds "9"]
[EventCountry "ESP"]
[Source "lmi"]
[SourceDate "2012.10.10"]

1. e4 c5 2. c3 g6 3. d4 cxd4 4. cxd4 d5 5. exd5 Nf6 6. Nc3 Nxd5 7. Bc4 Nb6 8.
Bb3 Bg7 9. Nf3 O-O 10. O-O Nc6 11. d5 Na5 12. Re1 Nxb3 13. Qxb3 Bxc3 14. bxc3
Qxd5 15. Ba3 Be6 16. Nd4 Rfc8 17. Nxe6 Qxb3 18. axb3 fxe6 19. Rxe6 Rxc3 20.
Rxe7 Rxb3 21. Rxb7 Rc8 22. Rxa7 Ra8 23. Rxa8+ Nxa8 24. Bc1 Nc7 25. h3 h5 26.
Bh6 Rb7 27. Ra3 Kh7 28. Be3 Ne6 29. Ra6 Re7 30. h4 Nc7 31. Rd6 Ne8 32. Rd8 Ng7
33. Bd4 Rf7 34. f3 Re7 35. Kf2 Ne8 36. g4 hxg4 37. fxg4 Kg8 38. Kg3 Kf7 39. Ra8
Rd7 40. Be5 Rb7 41. Ra3 Re7 42. Kf4 Nc7 43. Ke4 Ne6 44. Rc3 Nd8 45. Rc8 Ne6 46.
Rh8 Nf8 47. Kd5 Ra7 48. Bd6 Ra5+ 49. Kc6 Ne6 50. Rh7+ Kf6 51. g5+ Kf5 52. Rf7+
Kg4 1/2-1/2

[Event "España ch 2012 Veteranos"]
[Site "Mondariz ESP"]
[Date "2012.10.11"]
[Round "2.4"]
[White "Pastor Alonso De Prado, Albert"]
[Black "Coll Pons, Guillem"]
[Result "1-0"]
[WhiteElo "2139"]
[BlackElo "2040"]
[PlyCount "26"]
[EventDate "2012.10.10"]
[EventType "swiss"]
[EventRounds "9"]
[EventCountry "ESP"]
[Source "lmi"]
[SourceDate "2012.10.10"]

1. e4 e5 2. Nf3 Nc6 3. Nc3 Nf6 4. Bb5 Bc5 5. Nxe5 Nxe5 6. d4 Bxd4 7. Qxd4 Qe7
8. Bg5 a6 9. Nd5 c5 10. Qd2 Qd8 11. Qf4 Nxd5 12. Qxe5+ Ne7 13. Qxg7 Qa5+ 1-0

[Event "España ch 2012 Veteranos"]
[Site "Mondariz ESP"]
[Date "2012.10.11"]
[Round "2.5"]
[White "Ciuro Munoz, Ricardo"]
[Black "Serra Olives, Tomas"]
[Result "0-1"]
[WhiteElo "2087"]
[BlackElo "2132"]
[PlyCount "112"]
[EventDate "2012.10.10"]
[EventType "swiss"]
[EventRounds "9"]
[EventCountry "ESP"]
[Source "lmi"]
[SourceDate "2012.10.10"]

1. d4 Nf6 2. c4 g6 3. g3 Bg7 4. Nf3 O-O 5. Bg2 d5 6. cxd5 Nxd5 7. O-O Nc6 8.
Nc3 Nxc3 9. bxc3 e5 10. e3 Be6 11. Re1 Qd7 12. Qa4 Nxd4 13. Qxd7 Nxf3+ 14. Bxf3
Bxd7 15. Bxb7 Rab8 16. Bd5 e4 17. Ba3 Rfd8 18. Rac1 Bf5 19. Bc4 Bf6 20. Bb4 Bg4
21. Be2 Be6 22. a4 Rd2 23. Bf1 a5 24. Bxa5 Rbb2 25. Rb1 Ra2 26. Ra1 Rxf2 27.
Rxa2 Rxa2 28. Bb5 Bg4 29. Bb4 Bf3 30. a5 c5 31. Bxc5 Rxa5 32. Rb1 Bxc3 33. Bb6
Ra2 34. Bf1 h5 35. Rc1 Be5 36. Bc7 Bf6 37. h4 g5 38. hxg5 Bxg5 39. Bf4 Bf6 40.
Bh3 Kg7 41. Rb1 Bc3 42. Rc1 Ba5 43. Rb1 Kg6 44. Rc1 f6 45. Bf1 Bd2 46. Rb1 Rc2
47. Bh3 Bc3 48. Bf1 Bb2 49. Bh3 Ba3 50. Bf1 Bc5 51. Re1 h4 52. gxh4 Kh5 53. Bh3
Kxh4 54. Bf5 Rd2 55. Rf1 Rg2+ 56. Kh1 Re2+ 0-1

[Event "España ch 2012 Veteranos"]
[Site "Mondariz ESP"]
[Date "2012.10.11"]
[Round "2.6"]
[White "Buxade Roca, Guillermo"]
[Black "Sanz Bastos, Fernando"]
[Result "1/2-1/2"]
[WhiteElo "2128"]
[BlackElo "2022"]
[PlyCount "41"]
[EventDate "2012.10.10"]
[EventType "swiss"]
[EventRounds "9"]
[EventCountry "ESP"]
[Source "lmi"]
[SourceDate "2012.10.10"]

1. e4 c6 2. Nf3 g6 3. d4 d5 4. exd5 cxd5 5. Ne5 Bg7 6. Bb5+ Bd7 7. Nxd7 Nxd7 8.
O-O Ngf6 9. c3 O-O 10. Re1 a6 11. Bd3 Re8 12. f4 e6 13. Nd2 b5 14. Nf3 Qb6 15.
Kh1 Ng4 16. Re2 f5 17. a3 Ngf6 18. Ne5 Nxe5 19. dxe5 Ne4 20. Qe1 Bf8 21. Be3
1/2-1/2

[Event "España ch 2012 Veteranos"]
[Site "Mondariz ESP"]
[Date "2012.10.11"]
[Round "2.7"]
[White "Hostalet Ferrer, Pedro Enrique"]
[Black "Casares Ripoll, Fernando"]
[Result "0-1"]
[WhiteElo "2031"]
[BlackElo "2149"]
[PlyCount "128"]
[EventDate "2012.10.10"]
[EventType "swiss"]
[EventRounds "9"]
[EventCountry "ESP"]
[Source "lmi"]
[SourceDate "2012.10.10"]

1. d4 f5 2. e4 fxe4 3. Nc3 Nf6 4. Bg5 Nc6 5. d5 Ne5 6. Qe2 Nf7 7. Bxf6 exf6 8.
Qxe4+ Qe7 9. O-O-O Qxe4 10. Nxe4 Be7 11. Bc4 f5 12. Ng3 Nd6 13. Bd3 O-O 14. Nf3
b6 15. Rhe1 Bf6 16. Kb1 g6 17. c4 Nb7 18. Ne2 Nc5 19. Ned4 Ba6 20. b3 Rae8 21.
Bc2 Ne4 22. Bxe4 fxe4 23. Ng1 Bxd4 24. Rxd4 Rxf2 25. Nh3 Rxg2 26. Rdxe4 Rxe4
27. Rxe4 Kf7 28. Rh4 h5 29. a3 d6 30. Nf4 Rg1+ 31. Kb2 g5 32. Rxh5 gxf4 33.
Rf5+ Ke7 34. Rxf4 Rg2+ 35. Kc3 Rxh2 36. Re4+ Kd8 37. Rg4 Rh8 38. a4 Bc8 39. Rg7
Bd7 40. a5 bxa5 41. Rg1 Rh3+ 42. Kc2 a4 43. b4 a3 44. c5 Bf5+ 45. Kc1 dxc5 46.
bxc5 Rc3+ 47. Kd2 Rxc5 48. Ra1 Ra5 49. Kc3 a2 50. Kb4 Ra6 51. Kb5 Rb6+ 52. Kc5
Bb1 53. Kc4 Kd7 54. Kc5 Rb8 55. Kc4 Kd6 56. Kd4 Rb5 57. Kc4 Rxd5 58. Kc3 Kc5
59. Kb2 Kb4 60. Rxa2 Bxa2 61. Kxa2 Rd2+ 62. Kb1 Kc3 63. Ka1 Kb3 64. Kb1 Rd1#
0-1

[Event "España ch 2012 Veteranos"]
[Site "Mondariz ESP"]
[Date "2012.10.11"]
[Round "2.8"]
[White "Diaz Franco, Francisco Jorge"]
[Black "Oneto Zarco, Jose"]
[Result "1-0"]
[WhiteElo "1987"]
[BlackElo "2013"]
[PlyCount "105"]
[EventDate "2012.10.10"]
[EventType "swiss"]
[EventRounds "9"]
[EventCountry "ESP"]
[Source "lmi"]
[SourceDate "2012.10.10"]

1. d4 Nf6 2. c4 e6 3. Nc3 b6 4. Bg5 h6 5. Bf4 Bb7 6. Nf3 Be7 7. h3 d6 8. e3
Nbd7 9. Be2 O-O 10. O-O Ne4 11. Qc2 f5 12. Rac1 Ndf6 13. Nd2 Nxd2 14. Qxd2 g5
15. Bh2 Kg7 16. d5 e5 17. Qc2 Qd7 18. f4 gxf4 19. exf4 e4 20. Nb5 c6 21. dxc6
Bxc6 22. Nd4 Bb7 23. Bg3 Rac8 24. Be1 d5 25. Bc3 Kg6 26. Qb3 Bc5 27. Rfd1 Qc7
28. Rf1 Rfd8 29. Rcd1 dxc4 30. Qc2 Nd5 31. Qd2 Nb4 32. Kh2 Bxd4 33. Bxd4 Nd3
34. Qe3 Kh7 35. Bxd3 cxd3 36. Be5 Qf7 37. g4 Rc2+ 38. Rf2 Rxf2+ 39. Qxf2 Rc8
40. Bc3 Qd5 41. Qe3 Qc5 42. Bd4 Qd5 43. Bc3 a5 44. Rg1 Rg8 45. Qxb6 d2 46. Qc7+
Kg6 47. gxf5+ Kh5 48. Rxg8 Qxg8 49. Bxd2 Qd5 50. Be3 Ba6 51. Qe5 Qd3 52. Qe8+
Kh4 53. Bf2+ 1-0

[Event "España ch 2012 Veteranos"]
[Site "Mondariz ESP"]
[Date "2012.10.11"]
[Round "2.9"]
[White "Vinal Gutierrez, Pedro"]
[Black "Salgado Gonzalez, Julio"]
[Result "1-0"]
[WhiteElo "2009"]
[BlackElo "1836"]
[PlyCount "77"]
[EventDate "2012.10.10"]
[EventType "swiss"]
[EventRounds "9"]
[EventCountry "ESP"]
[Source "lmi"]
[SourceDate "2012.10.10"]

1. d4 d5 2. Nf3 Nf6 3. Bf4 e6 4. e3 c5 5. c3 Nc6 6. Nbd2 Be7 7. h3 O-O 8. Bd3
c4 9. Bc2 b5 10. Ne5 Bb7 11. Qf3 b4 12. O-O a5 13. Ndxc4 bxc3 14. bxc3 Rc8 15.
Nxc6 Rxc6 16. Ne5 Rxc3 17. Bd3 Qc8 18. Qe2 Ne4 19. Rfd1 f6 20. Nf3 Qd7 21. Nd2
Rfc8 22. Nxe4 dxe4 23. Bb5 Qd5 24. a4 Rc2 25. Qf1 Bb4 26. Rac1 Ba3 27. Rxc2
Rxc2 28. g4 Bc6 29. Rb1 Bb4 30. Kg2 Qa2 31. Bxc6 Rxc6 32. Qb5 Qc2 33. d5 exd5
34. Qxd5+ Kf8 35. Rd1 Rc8 36. Rd4 Re8 37. Rxb4 axb4 38. Bd6+ Re7 39. Qb7 1-0

[Event "España ch 2012 Veteranos"]
[Site "Mondariz ESP"]
[Date "2012.10.11"]
[Round "2.10"]
[White "Fernandez Garcia, Ignacio"]
[Black "Sarto Ramos, Angel"]
[Result "0-1"]
[WhiteElo "1793"]
[BlackElo "2000"]
[PlyCount "76"]
[EventDate "2012.10.10"]
[EventType "swiss"]
[EventRounds "9"]
[EventCountry "ESP"]
[Source "lmi"]
[SourceDate "2012.10.10"]

1. e4 g6 2. d4 c6 3. c3 d5 4. e5 Bf5 5. g4 Be6 6. h4 h5 7. g5 Bf5 8. Na3 e6 9.
Nc2 c5 10. Ne3 Ne7 11. dxc5 Qc7 12. Nf3 Nbc6 13. Bb5 O-O-O 14. Nxf5 Nxf5 15.
Bxc6 Qxc6 16. Nd4 Qxc5 17. Be3 Nxe3 18. fxe3 Bg7 19. Qf3 Qc7 20. Nb5 Qxe5 21.
Nxa7+ Kb8 22. Nb5 f6 23. Nd4 fxg5 24. hxg5 Rhf8 25. Qh3 Rde8 26. O-O-O Qe4 27.
Rhe1 Re7 28. Nb5 Be5 29. Rf1 Rf5 30. Rxf5 exf5 31. Nd4 Bxd4 32. Rxd4 Qxe3+ 33.
Qxe3 Rxe3 34. Rxd5 Rg3 35. a4 Rxg5 36. b4 h4 37. Rd1 h3 38. b5 h2 0-1